Indian economy : (Record no. 9798)

MARC details
000 -LEADER
fixed length control field 00544cam a2200205ua 4500
001 - CONTROL NUMBER
control field 10850
005 - DATE AND TIME OF LATEST TRANSACTION
control field 20260515114652.0
008 - FIXED-LENGTH DATA ELEMENTS--GENERAL INFORMATION
fixed length control field 190409n ii |||gr||||Z||||||eng
020 ## - INTERNATIONAL STANDARD BOOK NUMBER
International Standard Book Number 9789352731725
040 ## - CATALOGING SOURCE
Transcribing agency MAIN
082 ## - DEWEY DECIMAL CLASSIFICATION NUMBER
Classification number 330.954
245 ## - TITLE STATEMENT
Title Indian economy :
Remainder of title Its development experience /
Statement of responsibility, etc. By V K Puri and S K Misra .
250 ## - EDITION STATEMENT
Edition statement 35th rev.
260 ## - PUBLICATION, DISTRIBUTION, ETC.
Place of publication, distribution, etc. Mumbai:
Name of publisher, distributor, etc. Himalaya publishing house,
Date of publication, distribution, etc. 2017.
300 ## - PHYSICAL DESCRIPTION
Extent 776p.
653 ## - INDEX TERM--UNCONTROLLED
Uncontrolled term Economics
700 ## - ADDED ENTRY--PERSONAL NAME
Personal name V K Puri,
Relator term Author.
700 ## - ADDED ENTRY--PERSONAL NAME
Personal name S K Misra,
Relator term Author.
942 ## - ADDED ENTRY ELEMENTS (KOHA)
Koha item type Books
Holdings
Withdrawn status Lost status Damaged status Not for loan Home library Current library Shelving location Date acquired Total checkouts Full call number Barcode Date last seen Date last checked out Copy number Price effective from Koha item type
        Naharkatiya College Library Naharkatiya College Library General stacks 09/19/2020 5 330.954Indian economy | PUR 24964 04/18/2022 04/18/2022 1 09/19/2020 Books